00814 a2200193 4500003000500000005001700005010001700022020001800039040000900057082001700066100001800083245006100101260002600162300002800188505028000216600003700496651001400533710007300547Nust20230206113928.0 a 2014323739 a9789698535186 cNust a954.9042,BAZ1 aBazmi, Aslam,10aOur Quaid :bas remembered and reported /cAslam Bazmi. aIslamabadbNUSTc2014 axiv, 166 pages ;c23 cm aHard work and Diligence (Page-1), Commitment to Principles (Page-11), Character and Credibility (Page-29), Value of Discipline (Page-45), Frugality and Thriftiness (Page-65), Advice to student (Page-91), Foreign Policy Outlook (Page-105), Advice to Civil Servants (Page-107),10aJinnah, Mahomed Ali,d1876-1948. aOur Quaid2 aNational University of Sciences and Technology (Islamabad, Pakistan)